000 00899nam a2200277 i 4500
003 DO-SdBNP
005 20250107091010.0
007 ta
008 250107b2024 dr a|||| |||| 00| 0 spa d
020 _a9789945945560
040 _aDO-SdBNP
_bspa
_cBNPHU
_erda
082 4 _axxx
_bC284a
_222
100 1 _aCarlo, Ericarol,
_eautor
_4aut.
_985615
245 1 0 _aAlas en el crepúsculo /
_cEricarol Carlo ; corrección, María José Espinoza
264 1 _aSanto Domingo :
_bEditor no identificado,
_c©2024.
300 _a94 páginas :
_bilustraciones ;
_c23 cm.
336 _atexto
_btxt
_2rdacontent
337 _asin mediación
_bn
_2rdamedia
338 _avolumen
_bnc
_2rdacarrier
590 _aInventariado, 2024/BT
650 4 _aNovela dominicana
_9223
650 4 _aLiteratura dominicana
700 1 _aEspinoza, María José,
_ecorrector
_4corr.
_986874
910 _aBtavárez
942 _2ddc
_cLBS1
999 _c57987
_d57987